[Event "Acropolis Open"]
[Site "Athens GRE"]
[Date "2006.08.18"]
[Round "6"]
[White "Gelashvili,T"]
[Black "Al Sayed,Mohamad"]
[Result "1/2-1/2"]
[WhiteElo "2575"]
[BlackElo "2492"]
[EventDate "2006.08.13"]

1. Nf3 Nf6 2. e3 b6 3. d4 Bb7 4. Bd3 e6 5. O-O Be7 6. b3 O-O 7. Bb2 d5 8.
Ne5 Nbd7 9. f4 Ne4 10. a4 a5 11. Nxd7 Qxd7 12. Bxe4 dxe4 13. Nd2 Rfd8 14.
Qe2 c5 15. Rad1 cxd4 16. Bxd4 Qc6 17. c4 Rd7 18. Nb1 Rad8 19. Nc3 Bb4 20.
Nb5 Ba6 21. Qg4 f5 22. Qg5 Bf8 23. Nc3 h6 24. Qg3 Kh7 25. Ne2 Bc5 26. h4
Rg8 27. Be5 Rd3 28. Nd4 Bxd4 29. Bxd4 Rxb3 30. Rb1 Qxc4 31. Rxb3 Qxf1+ 32.
Kh2 Be2 33. Rxb6 Bg4 34. h5 Qc4 35. Qh4 Qxa4 36. Rxe6 Qd7 37. Re7 Qc6 38.
Ra7 Qe8 39. Rxa5 Rf8 40. Ra7 Rg8 41. Kg1 Bxh5 42. Kf2 Qg6 43. Qe7 Qg4 44.
Rb7 Be8 45. Rb1 Bh5 46. Kg1 Qg3 47. Rb7 Bf3 48. Qxg7+ Rxg7 49. Rxg7+ Qxg7
50. Bxg7 Bxg2 51. Bxh6 1/2-1/2

[Event "Acropolis Open"]
[Site "Athens GRE"]
[Date "2006.08.18"]
[Round "6"]
[White "Georgiadis,I"]
[Black "Kotanjian,T"]
[Result "1-0"]
[WhiteElo "2312"]
[BlackElo "2515"]
[EventDate "2006.08.13"]

1. e4 c5 2. Nf3 d6 3. d4 cxd4 4. Nxd4 Nf6 5. Nc3 a6 6. Bg5 e6 7. f4 Nbd7 8.
Qf3 Qc7 9. O-O-O h6 10. Bh4 Be7 11. Bd3 g5 12. fxg5 Ne5 13. Qe2 Nfg4 14.
Nf3 hxg5 15. Bg3 Bd7 16. Rdf1 Qc5 17. Kb1 Rf8 18. h3 Nf6 19. Nxe5 dxe5 20.
h4 gxh4 21. Bxh4 Ng8 22. Bxe7 Nxe7 23. Rh7 Ng6 24. g3 Nh8 25. Nd1 O-O-O 26.
Qe3 Qd6 27. g4 Bc6 28. g5 Rg8 29. Nf2 Qe7 30. Nh3 Rdf8 31. Qf2 Be8 32. Be2
Qb4 33. Qe3 Ng6 34. Bh5 Rh8 35. Rxh8 Rxh8 36. Bxg6 fxg6 37. Rd1 Bc6 38. Nf2
Rh5 39. Qa7 Kc7 40. Nd3 Qd4 41. Qxd4 exd4 42. Nf4 Rh2 43. Nxe6+ Kb6 44. e5
Re2 45. Nxd4 Rxe5 46. Rg1 Bg2 47. Kc1 Bd5 48. Kd2 Kc5 49. Rg4 Re8 50. a3
Kd6 51. Kd3 Rh8 52. Rg3 Ke5 53. Re3+ Kf4 54. Ne6+ Kf5 55. Nd4+ Kg4 56. c4
Bh1 57. Ne6 Kf5 58. Kd4 Rh4+ 59. Kc5 Be4 60. Kd6 Rh2 61. Nc5 Rd2+ 62. Kc7
Bh1 63. b3 Rh2 64. Kb6 Rh7 65. Rg3 Rh8 66. Rg1 Bf3 67. Rf1 Kg4 68. Nxb7 Rb8
69. Rxf3 Kxf3 70. c5 Ke4 71. c6 Kd5 72. c7 Rc8 73. b4 a5 74. bxa5 Ke6 75.
Kc6 1-0

[Event "Acropolis Open"]
[Site "Athens GRE"]
[Date "2006.08.18"]
[Round "6"]
[White "Grivas,E"]
[Black "Romanishin,O"]
[Result "1/2-1/2"]
[WhiteElo "2496"]
[BlackElo "2555"]
[EventDate "2006.08.13"]

1. d4 Nf6 2. c4 e6 3. Nf3 b6 4. g3 Bb4+ 5. Nbd2 a5 6. Bg2 Ba6 7. O-O d5 8.
cxd5 exd5 9. Ne5 O-O 10. Ndf3 Ne4 11. Be3 Bd6 12. Rc1 Nd7 13. Bf4 Nxe5 14.
Bxe5 f6 15. Bxd6 Qxd6 16. Nd2 f5 17. Nxe4 fxe4 18. Rc2 Rf6 19. f3 exf3 20.
Rxf3 c6 21. Qc1 1/2-1/2

[Event "Acropolis Open"]
[Site "Athens GRE"]
[Date "2006.08.18"]
[Round "6"]
[White "Zysk,R"]
[Black "Nikolaidis,I"]
[Result "0-1"]
[WhiteElo "2474"]
[BlackElo "2538"]
[EventDate "2006.08.13"]

1. d4 d5 2. c4 e5 3. Nc3 dxc4 4. e3 exd4 5. exd4 Nf6 6. Bxc4 Bd6 7. Nf3 O-O
8. h3 Nbd7 9. O-O Nb6 10. Bb3 Be6 11. Bxe6 fxe6 12. Re1 Qd7 13. Qb3 Rae8
14. Ne5 Bxe5 15. dxe5 Nfd5 16. Ne4 Qf7 17. Qg3 Nc8 18. b3 b6 19. Ba3 Nce7
20. Bxe7 Qxe7 21. Rac1 Kh8 22. Rc4 Rf4 23. Nd2 Ref8 24. Rxf4 Rxf4 25. Re4
Qf8 26. Kf1 Qf5 27. f3 h6 28. h4 Rxe4 29. Nxe4 Nf4 30. Qe1 Qxe5 31. Qd2 Nd5
32. g3 c5 33. Kg2 Kg8 34. Qe2 Qf5 35. Qa6 Ne3+ 36. Kf2 Ng4+ 37. Ke2 Ne5 38.
Nd2 Kh7 39. Qb5 c4 40. bxc4 Qd3+ 41. Ke1 Qe3+ 42. Kd1 Nxf3 43. Nb3 Qd3+ 44.
Kc1 Ne1 45. Kb2 Qc2+ 46. Ka3 Nd3 0-1

[Event "Acropolis Open"]
[Site "Athens GRE"]
[Date "2006.08.18"]
[Round "6"]
[White "Shavtvaladze,N"]
[Black "Georgiev,Vl"]
[Result "0-1"]
[WhiteElo "2383"]
[BlackElo "2518"]
[EventDate "2006.08.13"]

1. e4 e5 2. Nf3 Nc6 3. d4 exd4 4. Nxd4 Bc5 5. Nxc6 Qf6 6. Qd2 dxc6 7. Nc3
Qe7 8. Qg5 f6 9. Qh5+ g6 10. Qf3 Be6 11. Be3 O-O-O 12. Bd3 h5 13. O-O Bd6
14. Qe2 Nh6 15. Bxh6 Rxh6 16. Qe3 Rhh8 17. Qxa7 Bc5 18. Qa4 Kb8 19. Ne2 Bg4
20. b4 Bb6 21. Qb3 f5 22. Nf4 fxe4 23. Nxg6 Qg5 24. Bxe4 Rhe8 25. h4 Qf6
26. Rae1 Rxe4 27. Rxe4 Qxg6 28. Rf4 Bf5 29. Qf3 Bxc2 30. Rc1 Rd3 31. Qe2
Qd6 32. Qe8+ Ka7 33. Rf8 Ka6 34. Qe2 Qxf8 35. Rxc2 Bxf2+ 36. Qxf2 Qxb4 37.
Kh2 Qd6+ 38. g3 c5 39. Qe1 b6 40. Rg2 Qd5 41. a4 c4 42. a5 c3 43. axb6 Rd2
44. Qa1+ Kb5 45. Qb1+ Kc6 46. Qg6+ Kb7 47. Rxd2 cxd2 48. bxc7 d1=Q 49.
c8=Q+ Kxc8 50. Qe8+ Kb7 51. Qe7+ Ka6 52. Qa3+ Kb5 53. Qb2+ Ka4 0-1

[Event "Acropolis Open"]
[Site "Athens GRE"]
[Date "2006.08.18"]
[Round "6"]
[White "Mastrovasilis,D"]
[Black "Kapnisis,S"]
[Result "1-0"]
[WhiteElo "2567"]
[BlackElo "2419"]
[EventDate "2006.08.13"]

1. e4 e5 2. Nf3 Nc6 3. Bb5 a6 4. Ba4 Nf6 5. O-O Bc5 6. c3 b5 7. Bb3 d6 8.
a4 Bg4 9. d3 Na5 10. Ba2 b4 11. Nbd2 O-O 12. h3 Bh5 13. Re1 Rb8 14. Nf1
Bxf3 15. Qxf3 bxc3 16. bxc3 Nb3 17. Rb1 Nxc1 18. Rexc1 Qd7 19. Bb3 Kh8 20.
Ne3 Bxe3 21. Qxe3 Rb7 22. Be6 Qc6 23. Rxb7 Qxb7 24. Bc4 a5 25. Qe1 c6 26.
Rb1 Qc7 27. Ba2 Kg8 28. Rb3 Rb8 29. Qb1 Nd7 30. d4 Rb6 31. Qd1 Rxb3 32.
Bxb3 exd4 33. cxd4 c5 34. dxc5 Qxc5 35. Qd5 Qxd5 36. Bxd5 Nc5 37. Bc6 Kf8
38. f3 Ke7 39. Kf2 g5 40. Ke3 Kd8 41. g3 Na6 42. Kd4 Nc7 43. e5 Ke7 44.
exd6+ Kxd6 45. Be4 h6 46. Bc2 Ne6+ 47. Ke4 Nc5+ 48. Kf5 Kd5 49. f4 gxf4 50.
gxf4 Kd4 51. Kf6 Ke3 52. f5 Kf4 53. Kxf7 Nxa4 54. f6 Nb6 55. Ke6 1-0

[Event "Acropolis Open"]
[Site "Athens GRE"]
[Date "2006.08.18"]
[Round "6"]
[White "Atakisi,U"]
[Black "Al Modiahki,M"]
[Result "1-0"]
[WhiteElo "2406"]
[BlackElo "2564"]
[EventDate "2006.08.13"]

1. e4 e6 2. d4 d5 3. Nd2 c5 4. Ngf3 cxd4 5. exd5 Qxd5 6. Bc4 Qd6 7. O-O Nf6
8. Nb3 Nc6 9. Nbxd4 Nxd4 10. Qxd4 Qxd4 11. Nxd4 a6 12. Be2 e5 13. Nf3 e4
14. Nd4 Bc5 15. Nb3 Ba7 16. Be3 Bxe3 17. fxe3 Be6 18. Nd4 Rc8 19. c4 Ke7
20. b3 Rhd8 21. Rad1 a5 22. h3 h6 23. Rf2 Rc7 24. Bf1 Nd7 25. Rfd2 Rcc8 26.
g4 Nc5 27. Bg2 h5 28. g5 f5 29. gxf6+ gxf6 30. Rf1 Rg8 31. Kh2 Rg5 32. Nxe6
Nxe6 33. Bxe4 Nc5 34. Bd5 Re5 35. Rg2 Ne6 36. Bxb7 Rb8 37. Bd5 Rxe3 38. Rf3
Rxf3 39. Bxf3 a4 40. bxa4 Rb4 41. Re2 Kd6 42. Bxh5 Rxa4 43. Bf7 Ng5 44. Bd5
Ra3 45. Bg2 Ne6 46. Rd2+ Ke5 47. Re2+ Kd6 48. Rd2+ Ke5 49. Rc2 Nd4 50. Rf2
f5 51. Bb7 f4 52. c5 Rc3 53. a4 Rxc5 54. Ra2 Rc7 55. Rb2 f3 56. a5 Rf7 57.
Kg1 Rg7+ 58. Kf1 Kf4 59. a6 Kg3 60. a7 Rc7 61. Ke1 Rc1+ 62. Kd2 f2 63. a8=Q
f1=Q 64. Qg8+ Kxh3 65. Qh8+ Kg3 66. Qg7+ Kh3 67. Qh8+ Kg3 68. Qe5+ Kh3 69.
Qe3+ Nf3+ 70. Bxf3 Qg1 71. Qh6+ Kg3 72. Qg5+ Kf2 73. Qe3+ Kg3 74. Qg5+ Kf2
75. Qh4+ Kf1 76. Qh3+ Kf2 77. Kd3+ 1-0

[Event "Acropolis Open"]
[Site "Athens GRE"]
[Date "2006.08.18"]
[Round "6"]
[White "Papadopoulos,I"]
[Black "Aroshidze,L"]
[Result "0-1"]
[WhiteElo "2285"]
[BlackElo "2490"]
[EventDate "2006.08.13"]

1. e4 c5 2. Nf3 d6 3. d4 cxd4 4. Nxd4 Nf6 5. Nc3 a6 6. Be3 e6 7. f3 b5 8.
g4 b4 9. Nce2 h6 10. Qd2 e5 11. Nf5 d5 12. g5 hxg5 13. Bxg5 Be6 14. Neg3
Nc6 15. Ne3 d4 16. Nc4 Qc7 17. f4 Nd7 18. fxe5 Ncxe5 19. Nxe5 Nxe5 20. Be2
Rc8 21. Nf5 Bxf5 22. exf5 f6 23. Bf4 Qxc2 24. Qxc2 Rxc2 25. Bxa6 Rxb2 26.
Rf1 Bd6 27. Bb5+ Ke7 28. O-O-O Rxa2 29. Rxd4 Rb8 30. Kb1 Ra5 31. Rfd1 Rb6
32. Be2 b3 33. Bc1 Ba3 34. Bd2 Ra8 35. Rg1 Kf7 36. Rd5 Bb4 37. Bxb4 Rxb4
38. Rc5 b2 39. Rc7+ Kf8 40. Kc2 b1=Q+ 0-1

[Event "Acropolis Open"]
[Site "Athens GRE"]
[Date "2006.08.18"]
[Round "6"]
[White "Esen,B"]
[Black "Kalesis,N"]
[Result "1-0"]
[WhiteElo "2459"]
[BlackElo "2435"]
[EventDate "2006.08.13"]

1. d4 Nf6 2. c4 e6 3. Nf3 Bb4+ 4. Nbd2 d5 5. a3 Be7 6. e3 O-O 7. b3 b6 8.
Bb2 Bb7 9. Bd3 Nbd7 10. O-O Ne4 11. cxd5 exd5 12. Qe2 Bd6 13. Ba6 Bxa6 14.
Qxa6 Qf6 15. Rac1 Qh6 16. h3 f5 17. Qb5 Ndf6 18. Nxe4 fxe4 19. Ne5 g5 20.
f4 exf3 21. Rxf3 c5 22. Qc6 Rad8 23. dxc5 Bxe5 24. Bxe5 g4 25. Qe6+ Rf7 26.
Rxf6 1-0

[Event "Acropolis Open"]
[Site "Athens GRE"]
[Date "2006.08.18"]
[Round "6"]
[White "Sigalas,F"]
[Black "Haznedaroglu,K"]
[Result "1-0"]
[WhiteElo "2199"]
[BlackElo "2454"]
[EventDate "2006.08.13"]

1. e4 e5 2. Nf3 Nc6 3. Bb5 a6 4. Bxc6 dxc6 5. O-O Qd6 6. Na3 Be6 7. Qe2 f6
8. Rd1 O-O-O 9. d4 Bg4 10. Be3 Qe6 11. dxe5 Rxd1+ 12. Qxd1 Bxa3 13. bxa3
Ne7 14. Nd4 Bxd1 15. Nxe6 Bxc2 16. f3 b6 17. Nxg7 fxe5 18. Bg5 Ng6 19. h4
Rg8 20. Nf5 Kd7 21. Rc1 Ba4 22. Kf2 Ke6 23. Ke3 c5 24. g4 Nh8 25. Rc4 Bb5
26. Rc2 Nf7 27. f4 exf4+ 28. Kxf4 Ne5 29. Rd2 Bd3 30. a4 Rf8 31. Bh6 Rf7
32. Bg7 Ng6+ 33. Ke3 Bc4 34. h5 Ne7 35. Bc3 Nc6 36. Ng7+ Ke7 37. Nf5+ Ke8
38. g5 Rd7 39. Ng7+ Kd8 40. g6 hxg6 41. h6 Rxd2 42. Kxd2 Bg8 43. Ne6+ Ke7
44. Ng5 b5 45. axb5 axb5 46. h7 Bxh7 47. Nxh7 b4 48. Bf6+ Ke6 49. Bh8 c4
50. Ng5+ Kd6 51. Nf3 Ke6 52. Ke3 Na5 53. Bd4 Nb7 54. Ng5+ Ke7 55. e5 c5 56.
Bb2 Nd8 57. Ke4 Ne6 58. Bc1 Nxg5+ 59. Bxg5+ Ke6 60. Be3 b3 61. axb3 cxb3
62. Bc1 Kd7 63. Kf4 c4 64. Bb2 Kc6 65. Kg5 Kc5 66. e6 Kb4 67. e7 c3 68.
Bxc3+ 1-0

[Event "Acropolis Open"]
[Site "Athens GRE"]
[Date "2006.08.18"]
[Round "6"]
[White "Grigoriadis,A"]
[Black "Rozentalis,E"]
[Result "0-1"]
[WhiteElo "2214"]
[BlackElo "2605"]
[EventDate "2006.08.13"]

1. d4 d6 2. c4 e5 3. Nf3 e4 4. Nfd2 f5 5. e3 Nf6 6. Nc3 g6 7. Be2 Bg7 8.
Rb1 O-O 9. O-O c6 10. b4 Be6 11. a4 Nbd7 12. Ba3 h5 13. Nb3 Ng4 14. Rc1 Qh4
15. h3 Bh6 16. hxg4 hxg4 17. g3 Qh3 18. Bxg4 fxg4 19. Nxe4 Rf5 20. f4 gxf3
21. Rxf3 Rxf3 22. Qxf3 Rf8 23. Qe2 Bg4 0-1

[Event "Acropolis Open"]
[Site "Athens GRE"]
[Date "2006.08.18"]
[Round "6"]
[White "Stefanopoulos,O"]
[Black "Managadze,N"]
[Result "0-1"]
[WhiteElo "2246"]
[BlackElo "2444"]
[EventDate "2006.08.13"]

1. d4 c5 2. d5 e5 3. e4 d6 4. Nc3 a6 5. a4 g6 6. g3 Bg7 7. Bh3 Bxh3 8. Nxh3
Qc8 9. Ng5 h6 10. Nf3 Ne7 11. Nd2 Nd7 12. Nc4 Qc7 13. O-O Rb8 14. a5 O-O
15. f4 exf4 16. Bxf4 Nc8 17. Qd2 Kh7 18. Ra3 Ne5 19. Bxe5 Bxe5 20. Nxe5
dxe5 21. Qf2 Nd6 22. Ra4 f5 23. exf5 gxf5 24. Rh4 Rbc8 25. Re1 Qg7 26. Na4
f4 27. Nb6 Nf5 28. Rh3 Rce8 29. Qe2 Nd6 30. Kh1 f3 31. Qf2 e4 32. c4 e3 33.
Rxe3 Rxe3 34. Qxe3 f2 35. Qd3+ Qg6 0-1

[Event "Acropolis Open"]
[Site "Athens GRE"]
[Date "2006.08.18"]
[Round "6"]
[White "Erdogdu,M"]
[Black "Sarandos,V"]
[Result "1/2-1/2"]
[WhiteElo "2386"]
[BlackElo "2278"]
[EventDate "2006.08.13"]

1. e4 e6 2. d4 d5 3. Nc3 Nf6 4. Bg5 dxe4 5. Nxe4 Nbd7 6. Nf3 h6 7. Nxf6+
Nxf6 8. Be3 Nd5 9. Qd2 Bb4 10. c3 Bd6 11. Bc4 Bd7 12. O-O Bc6 13. Ne5 Bxe5
14. dxe5 Nxe3 15. Qxe3 Qg5 16. Qg3 O-O-O 17. Rad1 Rxd1 18. Rxd1 Rd8 19.
Rxd8+ Kxd8 20. f4 Qxg3 21. hxg3 Ke7 22. Bd3 f6 23. Kf2 g5 24. Be2 fxe5 25.
fxe5 Bd5 26. a3 Kd7 27. Bb5+ Ke7 28. g4 Bb3 29. Be2 b6 30. Ke3 Kd7 31. c4
a5 32. Kd4 c5+ 1/2-1/2

[Event "Acropolis Open"]
[Site "Athens GRE"]
[Date "2006.08.18"]
[Round "6"]
[White "Markidis,K"]
[Black "Sandalakis,A"]
[Result "0-1"]
[WhiteElo "2370"]
[BlackElo "2220"]
[EventDate "2006.08.13"]

1. e4 c5 2. Nf3 e6 3. d4 cxd4 4. Nxd4 a6 5. Bd3 Qc7 6. O-O Nf6 7. Nd2 d6 8.
a4 Nbd7 9. a5 Be7 10. Re1 O-O 11. c3 Nc5 12. Bf1 e5 13. Nf5 Bxf5 14. exf5
d5 15. Nf3 Nce4 16. h3 Bc5 17. Be3 Rfe8 18. Qc1 Rad8 19. g4 Nd7 20. Bxc5
Ndxc5 21. Ra3 b5 22. axb6 Qxb6 23. b4 Nd3 24. Qe3 Qxe3 25. Rxe3 Ndxf2 26.
Rxa6 Nd1 27. Re1 Ndxc3 28. b5 d4 29. Ra3 f6 30. Bc4+ Kf8 31. b6 Nd6 32. Be6
Rb8 33. Rb3 Re7 34. Ra1 Ne2+ 35. Kf1 Nf4 36. Rc1 Nxe6 37. fxe6 Reb7 38. Rc6
Ke7 39. Nd2 Rc8 40. Rxc8 Nxc8 41. Nc4 Kxe6 42. Rb5 Nd6 43. Na5 Rb8 44. Rb1
Nb7 45. Nc6 Rc8 46. Na7 Rc3 47. Kg2 Kd5 48. Nb5 Rc2+ 49. Kg3 d3 50. h4 d2
51. Rd1 Ke4 52. Nc7 Kd3 53. Kf2 Rc1 0-1

[Event "Acropolis Open"]
[Site "Athens GRE"]
[Date "2006.08.18"]
[Round "6"]
[White "Hakki,I"]
[Black "Pountzas,H"]
[Result "1-0"]
[WhiteElo "2447"]
[BlackElo "2262"]
[EventDate "2006.08.13"]

1. e4 Nf6 2. e5 Nd5 3. d4 d6 4. c4 Nb6 5. f4 dxe5 6. fxe5 c5 7. d5 e6 8.
Nc3 exd5 9. cxd5 c4 10. Nf3 Bg4 11. Qd4 Bxf3 12. gxf3 Bb4 13. Bxc4 Nc6 14.
Qe4 Nxc4 15. dxc6 b5 16. c7 Qc8 17. Rg1 O-O 18. Bh6 g6 19. Bxf8 Qxf8 20.
O-O-O Rc8 21. Nd5 Ba3 22. Rg2 Bc5 23. Kb1 1-0

[Event "Acropolis Open"]
[Site "Athens GRE"]
[Date "2006.08.18"]
[Round "6"]
[White "Petritaj,Fo"]
[Black "Karayannis,A"]
[Result "1/2-1/2"]
[WhiteElo "2210"]
[BlackElo "2380"]
[EventDate "2006.08.13"]

1. d4 e6 2. c4 Bb4+ 3. Bd2 a5 4. a3 Bxd2+ 5. Qxd2 f5 6. Nc3 Nf6 7. f3 O-O
8. e3 d6 9. O-O-O c6 10. Nh3 Qe7 11. Nf2 b5 12. cxb5 cxb5 13. Bxb5 Bd7 14.
Be2 Rc8 15. Kb1 Be8 16. g4 fxg4 17. Nxg4 Nxg4 18. fxg4 Nd7 19. Rc1 Nb6 20.
Nb5 Bc6 21. Rhf1 Qd7 22. Nc3 Qb7 23. e4 Bxe4+ 24. Nxe4 Qxe4+ 25. Bd3 Rxc1+
26. Rxc1 Qxg4 27. Qf2 Nd5 28. Rf1 Qh5 29. Qg3 Rd8 30. Qe1 Qh3 31. Bc4 Rb8
32. Qf2 Qh5 33. Bxd5 Qg6+ 34. Ka2 exd5 35. Qf5 Qxf5 36. Rxf5 Rb6 37. Rxd5
Ra6 38. a4 Kf7 39. b4 axb4 40. Kb3 Ke6 41. Rh5 h6 42. Kxb4 Ra8 43. a5 Kd7
44. Rb5 g5 45. Rb7+ Kc6 46. Rh7 Rb8+ 47. Kc4 d5+ 48. Kc3 Kb5 49. Rxh6 Rf8
50. a6 Rf3+ 51. Kb2 Rf2+ 52. Kb3 Rf3+ 53. Kb2 Rf2+ 54. Kb3 1/2-1/2

[Event "Acropolis Open"]
[Site "Athens GRE"]
[Date "2006.08.18"]
[Round "6"]
[White "Simeonidis,I"]
[Black "Gamback,B"]
[Result "1/2-1/2"]
[WhiteElo "2299"]
[BlackElo "2179"]
[EventDate "2006.08.13"]

1. d4 d5 2. Bg5 c5 3. dxc5 Qa5+ 4. Nd2 d4 5. Ngf3 f6 6. Bh4 e5 7. a3 Qxc5
8. c3 dxc3 9. Rc1 Be6 10. Rxc3 Qb6 11. Nc4 Bxc4 12. Rxc4 Nc6 13. Qc2 Nge7
14. e3 Nc8 15. Bd3 Nd6 16. Rc3 g5 17. Bg3 h5 18. h4 g4 19. Bg6+ Ke7 20. Nd2
Qa6 21. Bd3 Qa5 22. O-O Kf7 23. Qb3+ Kg7 24. Ne4 Qc7 25. Nc5 Qe7 26. Nxb7
Nxb7 27. Rxc6 Na5 28. Qa4 Nxc6 29. Qxc6 Rd8 30. Qe4 Qf7 31. Bc4 Qd7 32.
Bxe5 fxe5 33. Qxe5+ Kh7 34. Be6 Qe8 35. Bf5+ Kg8 36. Be6+ Kh7 37. Rc1 Bd6
38. Bf5+ Kg8 39. Be6+ Kh7 40. Bf5+ Kg8 41. Qf6 Qe7 42. Be6+ Kh7 43. Bf5+
Kg8 1/2-1/2

[Event "Acropolis Open"]
[Site "Athens GRE"]
[Date "2006.08.18"]
[Round "6"]
[White "Gogolis,A"]
[Black "Valden,P"]
[Result "1/2-1/2"]
[WhiteElo "2293"]
[BlackElo "2165"]
[EventDate "2006.08.13"]

1. d4 e6 2. Bf4 c5 3. c3 Nf6 4. e3 Nc6 5. Nd2 d5 6. Ngf3 Bd6 7. Bg3 O-O 8.
a3 Qe7 9. Bb5 Bd7 10. O-O Nxd4 11. exd4 Bxb5 12. Re1 cxd4 13. Nxd4 Bd7 14.
Nf5 exf5 15. Rxe7 Bxe7 16. Nf3 Rfe8 17. Be5 Ne4 18. Bd4 Bd6 19. Qb3 Bc6 20.
Rd1 Re6 21. Qc2 a6 22. Bb6 Rh6 23. h3 f4 24. Nd4 f3 25. Nxf3 Rf6 26. Be3
Re8 27. Nd4 Bf4 28. Bxf4 Rxf4 29. f3 Ng3 30. Kh2 Nh5 31. g4 Nf6 32. Kg3 g5
33. h4 h6 34. hxg5 hxg5 35. Ne2 Ba4 36. Qd2 Bxd1 37. Qxd1 Rc4 38. Nd4 Re5
39. Qd2 Ne8 40. Nf5 f6 41. Ne7+ Kf7 42. Nf5 Kg8 43. Qf2 Ng7 44. Nd4 Ne6 45.
Nf5 Ng7 46. Nh6+ Kh7 47. Nf7 Re7 48. Qc2+ Kg8 49. Nh6+ Kh8 50. Qg6 Rc6 51.
a4 a5 52. Nf7+ Kg8 53. Nh6+ Kh8 54. Qd3 Rd6 55. Qg6 Rc6 1/2-1/2

[Event "Acropolis Open"]
[Site "Athens GRE"]
[Date "2006.08.18"]
[Round "6"]
[White "Kharlampidi,T"]
[Black "Tsanas,A"]
[Result "0-1"]
[WhiteElo "2181"]
[BlackElo "2286"]
[EventDate "2006.08.13"]

1. e4 c5 2. Nc3 Nc6 3. f4 g6 4. Nf3 Bg7 5. Bc4 e6 6. f5 Nge7 7. fxe6 fxe6
8. d3 d5 9. Bb5 O-O 10. Bxc6 Nxc6 11. O-O Nd4 12. Kh1 Nxf3 13. Rxf3 d4 14.
Rxf8+ Qxf8 15. Ne2 e5 16. Kg1 Be6 17. b3 b5 18. a4 c4 19. bxc4 bxc4 20. c3
dxc3 21. Ba3 Qd8 22. dxc4 Qxd1+ 23. Rxd1 c2 24. Rc1 Bxc4 25. Rxc2 Bd3 26.
Rd2 Bxe4 27. Nc3 Bf5 28. Nd5 Kf7 29. Nc7 Rc8 30. Nb5 Rc2 31. Rxc2 Bxc2 32.
Nxa7 Bxa4 33. Nc8 Ke6 34. Nd6 Kd5 35. Kf2 e4 36. h3 Bd4+ 37. Ke1 Bc3+ 38.
Kf2 Bd4+ 39. Ke1 Be5 40. Nf7 Bf4 41. Bb4 Be8 42. Nd8 e3 43. Ke2 Ke4 44. Be1
Bb5+ 45. Kd1 Kd3 46. Kc1 e2+ 47. Kb2 Bd2 48. Bg3 e1=Q 49. Bxe1 Bxe1 50. Ne6
Bc3+ 51. Kc1 Bc4 52. Ng5 Bd2+ 0-1

[Event "Acropolis Open"]
[Site "Athens GRE"]
[Date "2006.08.18"]
[Round "6"]
[White "Kokolias,K"]
[Black "Kotrotsos,V"]
[Result "1-0"]
[WhiteElo "2188"]
[BlackElo "2294"]
[EventDate "2006.08.13"]

1. b3 e5 2. Bb2 Nc6 3. e3 Nf6 4. Bb5 Bd6 5. Na3 Na5 6. Nc4 Nxc4 7. Bxc4 O-O
8. Ne2 Re8 9. Ng3 Bf8 10. d4 e4 11. d5 Bb4+ 12. c3 Bf8 13. h4 d6 14. Nh5 c6
15. Nf4 Bg4 16. Be2 Bxe2 17. Qxe2 Qa5 18. dxc6 bxc6 19. O-O Qf5 20. c4 Ng4
21. Rfd1 Rad8 22. Rd2 Be7 23. g3 Bf6 24. Bxf6 Qxf6 25. Rdd1 Ne5 26. Kh1 Nf3
27. Qf1 a5 28. Ne2 Re5 29. Qh3 g5 30. h5 Rc5 31. g4 Qb2 32. Ng3 Qe5 33.
Rac1 d5 34. Nf5 Qb2 35. Qg3 Qxa2 36. Qc7 Rf8 37. Qd6 Qxf2 38. Nh6+ Kg7 39.
Nf5+ Kg8 40. Rf1 Qb2 41. Ne7+ Kg7 42. h6+ Kh8 43. Rc2 Qe5 44. Qxc5 Qf6 45.
Nf5 1-0

[Event "Acropolis Open"]
[Site "Athens GRE"]
[Date "2006.08.18"]
[Round "6"]
[White "Parginos,V"]
[Black "Tassopoulos,M"]
[Result "1/2-1/2"]
[WhiteElo "2177"]
[BlackElo "2270"]
[EventDate "2006.08.13"]

1. d4 Nf6 2. c4 c5 3. d5 b5 4. cxb5 a6 5. b6 e6 6. Nc3 Nxd5 7. Nxd5 exd5 8.
Qxd5 Nc6 9. Nf3 Rb8 10. Qe4+ Qe7 11. Qxe7+ Bxe7 12. Bd2 Bf6 13. Bc3 Bxc3+
14. bxc3 Rxb6 15. Nd2 d5 16. e3 Ke7 17. Bd3 Be6 18. O-O Rhb8 19. Rab1 Rxb1
20. Rxb1 Rxb1+ 1/2-1/2

[Event "Acropolis Open"]
[Site "Athens GRE"]
[Date "2006.08.18"]
[Round "6"]
[White "Kakadelis,S"]
[Black "Citak,S"]
[Result "0-1"]
[WhiteElo "2157"]
[BlackElo "2258"]
[EventDate "2006.08.13"]

1. d4 Nf6 2. c4 g6 3. Nc3 d5 4. g3 dxc4 5. Bg2 c6 6. Nf3 Nbd7 7. O-O Bg7 8.
a4 a5 9. e4 O-O 10. Qe2 Nb6 11. h3 Nfd7 12. Bg5 h6 13. Bf4 e5 14. dxe5 Qe7
15. Rfd1 Kh7 16. Rd6 Nxe5 17. Nxe5 Qxd6 18. Nxc4 Qb4 19. Nxb6 Qxb6 20. Bd6
Re8 21. e5 f6 22. h4 fxe5 23. h5 g5 24. Qe4+ Kh8 25. Bf1 Qd4 26. Qg6 Re6
27. Qf7 Qxd6 28. Bc4 Qe7 29. Bxe6 Qxe6 30. Qc7 Qd7 31. Qb6 Qd4 32. Qc7 Qd7
33. Qb6 Qd4 34. Qc7 Bg4 35. Qxb7 Rf8 0-1

[Event "Acropolis Open"]
[Site "Athens GRE"]
[Date "2006.08.18"]
[Round "6"]
[White "Koliopoulos,K"]
[Black "Dounis,A"]
[Result "0-1"]
[WhiteElo "2204"]
[BlackElo "2152"]
[EventDate "2006.08.13"]

1. d4 Nf6 2. c4 g6 3. Nc3 d5 4. Bf4 Bg7 5. e3 c5 6. dxc5 Qa5 7. Rc1 O-O 8.
cxd5 Ne4 9. f3 Nxc3 10. Qd2 Qxc5 11. bxc3 Rd8 12. e4 e6 13. Bg5 Rd7 14. Be3
Qe7 15. Bb5 Nc6 16. c4 a6 17. Bxc6 bxc6 18. Ne2 cxd5 19. cxd5 exd5 20. exd5
Bb7 21. Nc3 Re8 22. Kf2 Bxd5 23. Rhd1 Bc6 24. Qe2 Qh4+ 25. Kg1 Bd4 26. Rxd4
Rxd4 27. Ne4 Rdxe4 28. fxe4 Qxe4 29. Re1 f5 30. Qf2 Rb8 31. Bc1 Qd5 32. Bf4
Rb4 33. Bg3 f4 34. Bxf4 Rxf4 35. Re8+ Bxe8 36. Qxf4 Qc5+ 37. Kh1 Qf5 38.
Qc4+ Bf7 39. Qc1 Bxa2 40. h3 Qb1 0-1

[Event "Acropolis Open"]
[Site "Athens GRE"]
[Date "2006.08.18"]
[Round "6"]
[White "Delithanasis,D"]
[Black "Ignatiadis,K"]
[Result "0-1"]
[WhiteElo "2264"]
[BlackElo "2248"]
[EventDate "2006.08.13"]

1. d4 d5 2. c4 c6 3. Nc3 Nf6 4. e3 g6 5. Nf3 Bg7 6. Be2 O-O 7. O-O Bg4 8.
b3 e6 9. Bb2 Nbd7 10. h3 Bxf3 11. Bxf3 Re8 12. g4 h6 13. Bg2 Rb8 14. Rc1 b5
15. cxb5 cxb5 16. Qd3 a6 17. Rc2 Nb6 18. Rfc1 Qd7 19. Ba3 Bf8 20. Bc5 Nc8
21. a4 Nd6 22. a5 Nb7 23. Bb6 Bb4 24. Na2 Bxa5 25. Bxa5 Nxa5 26. Nb4 Qd6
27. Nc6 Nxc6 28. Rxc6 Qa3 29. Qc3 b4 30. Qc2 a5 31. Ra6 Ra8 32. Bf1 Rxa6
33. Bxa6 Ne4 34. Rd1 Nc3 35. Re1 Ra8 36. Bd3 Kg7 37. f4 a4 38. bxa4 Qxa4
39. Rc1 Qxc2 40. Rxc2 Ra2 41. Kf1 Kf6 42. Rxa2 Nxa2 43. Ke1 Nc3 44. Kd2 g5
45. Kc2 Ke7 46. fxg5 hxg5 47. Kb3 Nd1 48. Kxb4 Nxe3 49. Kc3 Ng2 50. Kd2 f6
51. Bf1 Nf4 52. Ke3 e5 53. Kf3 Kd6 54. Kg3 Ne6 55. dxe5+ fxe5 56. h4 gxh4+
57. Kxh4 e4 58. g5 Ke5 59. Kg4 Nf4 60. Bb5 d4 61. Bd7 d3 62. g6 Nxg6 63.
Kg3 Kd4 0-1

[Event "Acropolis Open"]
[Site "Athens GRE"]
[Date "2006.08.18"]
[Round "6"]
[White "Fragiadakis,K"]
[Black "Pandavos,P"]
[Result "1-0"]
[WhiteElo "2223"]
[BlackElo "2312"]
[EventDate "2006.08.13"]

1. e4 c5 2. c3 d5 3. exd5 Qxd5 4. d4 Nc6 5. Nf3 Bg4 6. Be2 cxd4 7. cxd4 e6
8. O-O Nf6 9. h3 Bh5 10. Nc3 Qa5 1-0

[Event "Acropolis Open"]
[Site "Athens GRE"]
[Date "2006.08.19"]
[Round "7"]
[White "Georgiadis,I"]
[Black "Peralta,Fe"]
[Result "0-1"]
[WhiteElo "2312"]
[BlackElo "2546"]
[EventDate "2006.08.13"]

1. e4 d6 2. d4 Nf6 3. Nc3 g6 4. f4 Bg7 5. Nf3 O-O 6. Bd3 Na6 7. O-O c5 8.
d5 Bg4 9. Bc4 Nc7 10. h3 Bxf3 11. Qxf3 a6 12. a4 b6 13. Qd3 e6 14. f5 exd5
15. exd5 Nd7 16. Bf4 Ne5 17. Bxe5 Bxe5 18. Rae1 Bxc3 19. bxc3 Qg5 20. Re4
Rae8 21. Ref4 Re1 22. Rxe1 Qxf4 23. Re7 Re8 24. Qe2 Kf8 25. Rxe8+ Nxe8 26.
fxg6 hxg6 27. Bxa6 Qxa4 28. Qd3 Nf6 29. Bc4 Qa1+ 30. Kh2 Qe1 31. Qg3 Qxg3+
32. Kxg3 Ne4+ 33. Kf4 Nxc3 34. Ke3 b5 35. Kd3 b4 36. Ke3 g5 37. g3 Kg7 38.
h4 Kg6 39. Bb3 Kh5 40. Kf3 Nb5 41. Ke4 Nd4 42. Ba4 f5+ 43. Ke3 gxh4 44.
gxh4 Kg4 45. h5 Kxh5 46. Kf4 Kg6 0-1

[Event "Acropolis Open"]
[Site "Athens GRE"]
[Date "2006.08.19"]
[Round "7"]
[White "Svetushkin,D"]
[Black "Al Sayed,Mohamad"]
[Result "1-0"]
[WhiteElo "2569"]
[BlackElo "2492"]
[EventDate "2006.08.13"]

1. e4 e5 2. Nf3 Nc6 3. Bb5 a6 4. Ba4 Nf6 5. O-O Be7 6. d3 b5 7. Bb3 d6 8.
a4 b4 9. a5 O-O 10. Nbd2 Be6 11. Nc4 Rb8 12. h3 h6 13. Re1 Re8 14. Ba4 Bd7
15. Ne3 Bf8 16. Bb3 Be6 17. Nd5 Bc8 18. Bd2 Nxd5 19. exd5 Ne7 20. d4 Ng6
21. Ra4 e4 22. Nh2 Nh4 23. Nf1 Bd7 24. Ng3 f5 25. Nh5 g5 26. Rxb4 Rxb4 27.
Bxb4 f4 28. Bc4 Bg7 29. Bxa6 f3 30. Bf1 Qc8 31. Re3 Bh8 32. Qe1 fxg2 33.
Bxg2 Nxg2 34. Kxg2 Bxd4 35. Bc3 Bxe3 36. Qxe3 Rf8 37. Qd4 Bxh3+ 38. Kh2 Qd7
39. Qh8+ Kf7 40. Qf6+ 1-0